ბათუმის შოთა რუსთაველის სახელმწიფო უნივერსიტეტის ბიბლიოთეკა

Вопросы экономики №5, Май 2017 (ბიბ.ჩანაწერი № 54017)

000 -LEADER
fixed length control field 00485nam a2200157Ia 4500
001 - CONTROL NUMBER
control field 21069
003 - CONTROL NUMBER IDENTIFIER
control field GE_BSU
008 - FIXED-LENGTH DATA ELEMENTS--GENERAL INFORMATION
fixed length control field 181216s||||||||xx |||||||||||||| ||und||
040 ## - CATALOGING SOURCE
Transcribing agency GE_BSU
245 ## - TITLE STATEMENT
Title Вопросы экономики №5, Май 2017
245 ## - TITLE STATEMENT
Statement of responsibility, etc. Ред,кол:О.И.Ананьин,Р.С.Гриберг, и др
653 ## - INDEX TERM--UNCONTROLLED
Uncontrolled term Вопросы экономики №5, Май 2017
653 ## - INDEX TERM--UNCONTROLLED
Uncontrolled term Периодика
653 ## - INDEX TERM--UNCONTROLLED
Uncontrolled term პერიოდიკა
942 ## - ADDED ENTRY ELEMENTS (KOHA)
Koha item type პერიოდიკა

არაა ხელმისაწვდომი ეგზემპლარები.